000 00643nam a2200181Ia 4500
008 090201s9999 xx 000 0 und d
010 _aKPL-53125
040 _bमराठी
041 _aमराठी
082 _a13967
_b53125
100 _aअविनाश धर्माधिकरी
245 _aअस्वस्थ दशकाची डायरी
_cअविनाश धर्माधिकरी
260 _c2004
_bमेहता पब्लिशिंग हाऊस
300 _a467
300 _bमोठा
600 _aअस्वस्थ दशकाची डायरी
942 _cBOOK
999 _c214149
_d214149